[Event "Imperia op 25th"]
[Site "Imperia"]
[Date "1983.09.09"]
[Round "7"]
[White "Paniagua, Roberto"]
[Black "Martorelli, Antonio"]
[Result "1/2-1/2"]
[WhiteElo "2245"]
[BlackElo "2274"]
[PlyCount "23"]
[EventDate "1983.09.03"]
[EventType "swiss"]
[EventRounds "9"]
[EventCountry "ITA"]
[SourceTitle "EXT 2023"]
[Source "ChessBase"]
[SourceDate "2022.10.05"]
[SourceVersion "1"]
[SourceVersionDate "2022.10.05"]
[SourceQuality "1"]

1. d4 Nf6 2. Nf3 c5 3. c3 e6 4. Bf4 b6 5. e3 Be7 6. Nbd2 0-0 7. Bd3 Na6 8. Qe2 Nb8 9. h3 Nc6 10. a4 d5 11. g4 a6 12. 0-0 1/2-1/2

[Event "Imperia op 25th"]
[Site "Imperia"]
[Date "1983.09.08"]
[Round "6"]
[White "Paniagua, Roberto"]
[Black "Vujovic, Milorad"]
[Result "1-0"]
[WhiteElo "2245"]
[BlackElo "2440"]
[PlyCount "81"]
[EventDate "1983.09.03"]
[EventType "swiss"]
[EventRounds "9"]
[EventCountry "ITA"]
[SourceTitle "EXT 2023"]
[Source "ChessBase"]
[SourceDate "2022.10.05"]
[SourceVersion "1"]
[SourceVersionDate "2022.10.05"]
[SourceQuality "1"]

1. c4 Nf6 2. Nc3 g6 3. d4 Bg7 4. e4 d6 5. Nf3 0-0 6. Be2 Na6 7. 0-0 c5 8. d5 Nc7 9. Ne1 a6 10. a4 b6 11. f4 Rb8 12. Nd3 Bd7 13. e5 Nfe8 14. g4 b5 15. axb5 axb5 16. b3 e6 17. dxe6 Bxe6 18. f5 bxc4 19. bxc4 Bxc4 20. f6 Nxf6 21. exf6 Bxf6 22. Ra3 Re8 23. Nf4 Bd4+ 24. Kh1 Bxe2 25. Ncxe2 Nb5 26. Nxd4 Nxd4 27. Nd5 Re5 28. Nf6+ Kg7 29. Rh3 h5 30. Qd2 Qh8 31. Nd7 Rb1 32. Qh6+ Qxh6 33. Bxh6+ Kxh6 34. Rxb1 Re7 35. Nb6 h4 36. Rxh4+ Kg5 37. Rh3 Kxg4 38. Rg3+ Kh4 39. Nd5 Re5 40. Nf6 Rf5 41. Rb8 1-0

[Event "Palermo Magistrale op 2nd"]
[Site "Palermo"]
[Date "1981.09.26"]
[Round "8.7"]
[White "Paniagua, Roberto"]
[Black "Nedoma, Robert"]
[Result "1/2-1/2"]
[WhiteElo "2265"]
[BlackElo "2000"]
[PlyCount "48"]
[EventDate "1981.09.19"]
[EventType "swiss"]
[EventRounds "9"]
[EventCountry "ITA"]
[SourceTitle "EXT 2024"]
[Source "ChessBase"]
[SourceDate "2023.10.10"]
[SourceVersion "1"]
[SourceVersionDate "2023.10.10"]
[SourceQuality "1"]

1. d4 Nf6 2. Nf3 c5 3. d5 d6 4. c4 e5 5. e3 Be7 6. Nc3 0-0 7. Bd3 Ne8 8. e4 a6 9. Bd2 g6 10. a3 f5 11. h4 f4 12. h5 g5 13. Nh2 Nf6 14. Be2 h6 15. Ng4 Kg7 16. Nxf6 Bxf6 17. Bg4 Bxg4 18. Qxg4 Qd7 19. Qe2 Bd8 20. Rb1 Qf7 21. b4 Nd7 22. Nd1 Rb8 23. b5 a5 24. Rb3 b6 1/2-1/2

[Event "Palermo Magistrale op 2nd"]
[Site "Palermo"]
[Date "1981.09.23"]
[Round "5.5"]
[White "Gueci, Riccardo"]
[Black "Paniagua, Roberto"]
[Result "1-0"]
[WhiteElo "1950"]
[BlackElo "2265"]
[PlyCount "51"]
[EventDate "1981.09.19"]
[EventType "swiss"]
[EventRounds "9"]
[EventCountry "ITA"]
[SourceTitle "EXT 2024"]
[Source "ChessBase"]
[SourceDate "2023.10.10"]
[SourceVersion "1"]
[SourceVersionDate "2023.10.10"]
[SourceQuality "1"]

1. e4 c5 2. d4 cxd4 3. c3 Nf6 4. e5 Nd5 5. cxd4 e6 6. Nf3 d6 7. Bc4 Nb6 8. Bb3 dxe5 9. Nxe5 N8d7 10. 0-0 Nxe5 11. dxe5 Bd7 12. Nc3 Bc6 13. Qg4 Nd7 14. Bf4 g5 15. Bxe6 gxf4 16. Bxf7+ Kxf7 17. e6+ Ke8 18. Qh5+ Ke7 19. Qf7+ Kd6 20. exd7 Qg5 21. Rad1+ Kc5 22. b4+ Kb6 23. Nd5+ Ka6 24. Nc7+ Kb6 25. Nxa8+ Ka6 26. Qc4+ 1-0